Quizzes
Events
Quiz Creation
Community
Videos
Private Events
Remove Ads
Sign In
Join for FREE
Feedback
Dark Mode
Quiz Categories
Sports
Geography
Music
Movies
Television
Just For Fun
Miscellaneous
History
Literature
Language
Science
Gaming
Entertainment
Religion
Holiday
For Kids
Quiz Lab
Recent
Popular Today
Quiz Kudos Today
Editor Picks
Curator Picks
Quizzes by...
Day
Popularity
Type
Ratings
Length
Year
Community
Subscriptions
Recent Discussions
Orange Saloon
Badges
Playlists
Quests
Create
Leaderboards
Showdown
Live 5
Trivia Bingo
Activity
Puzzle Library
Sporcle Events
Private Events
Virtual Trivia
Globe League
Become a Host
Pub Owners
SporcleCon
Opinionation
Our Games
Videos
Blog
Mobile Apps
Partnerships
Remove Ads and Go Orange
Feedback
History
US Presidents
World Leaders
Politics
Nation
Discovery
War
Decade
Year
Century
Biography
Art
History
US Presidents
World Leaders
Politics
Nation
Discovery
War
Decade
Year
Century
Biography
Art
Random Quiz
Search Sporcle
×
Quiz Lab
Quiz Lab
History
Canada
Type in answers that appear in a list
Type in answers that appear in a list
Classic
Best Score? Go Orange.
Premiers of Saskatchewan Stats
Can you name the Premiers of Saskatchewan?
By
gunder
12m
15 Questions
66 Plays
66 Plays
66 Plays
Comments
Comments
Give Quiz Kudos
Give Quiz Kudos
-
- Ratings
hide this ad
Replay
Link that replays current quiz
Next Quiz
Link to next quiz in quiz playlist
You Got
0%
They Got
Avg Score
52%
Avg Friend Score
Upgrade to see
Score Distribution
Jump to the score distribution portion of the page
Score
0/15
Timer
12:00
0
Plays Today
Party
Premier
% Correct
Saskatchewan
Brad Wall
97%
CCF
Tommy Douglas
89.4%
Progressive Conservative
Grant Devine
84.8%
NDP
Lorne Calvert
83.3%
NDP
Roy Romanow
81.8%
NDP
Allan Blakeney
66.7%
Liberal
Walter Scott
56.1%
Liberal
W. Ross Thatcher
56.1%
Party
Premier
% Correct
CCF
Woodrow Lloyd
36.4%
Liberal
James Gardiner
28.8%
Liberal
James Gardiner
28.8%
Liberal
William Melville Martin
24.2%
Conservative
James T.M. Anderson
22.7%
Liberal
Charles Dunning
18.2%
Liberal
William J. Patterson
15.2%
Quiz Playlist
Details
Report
Send in Message
Add To Playlist
Classic:
Type in answers that appear in a list
Last Updated: Feb 16, 2017
Quiz Scoreboard
CHALLENGE
Sign Up to Join the Scoreboard
Show All
Scores
Hide
Comments
May contain spoilers
Recently Published
Alphabetical 'K' Countries by Flag Minefield
by ylime102
Geography
3m
Pick 6: Fruits
by JohnFran
Miscellaneous
15s
Click the 1999 NBA Draft
by nibperrychub
Sports
2m
More to Explore
Quiz From the Vault
Featured Blog Post
15 Basketball Trivia Facts You Can Be March Mad About
hide this ad
You Might Also Like...
Tags
Canada Quiz
Premier
Saskatchewan
Today's Top Quizzes in History
Browse History
hide this ad
Today's Top Quizzes in Canada
Browse Canada
Top Contributed Quizzes in History
1
Famous Spring Paintings
2
I Am Born On March 19th
3
'NCAA' US History
4
Mahatma Gandhi, This Is Your Life
5
Arab Spring Nations
6
I Am Born On March 18th
7
Abraham Lincoln, This Is Your Life
8
George Washington, This Is Your Life
9
History by Year: 1980s
10
10 to 1: Generals by War
Explore More
Trending Topics
Harry Potter
Marvel
Crossword
Disney
NBA
Kpop
Anime
Puzzle
NFL
Pokémon
Song
WWE
Soccer
Country
The Office
hide this ad
More By:
gunder
Quiz
Plays
Rating
Category
Featured
Created
WWF Pay-per-view cities (1985- Apr. 2002)
528
4.67
Sports
Apr 16, 2010
Canadian Cabinet Last Five
370
4.50
History
Jul 25, 2010
Premiers of Alberta
232
4.67
History
Dec 7, 2010
Canada's Liberal Leaders
218
4.00
History
Jul 20, 2010
Premiers of Newfoundland & Labrador
214
4.50
History
Dec 6, 2010
Go to Creator's Profile
Score Distribution
Quiz Creator Spotlight
gunder
Follow
Send a Message
Quizzes Created
-
Created Quiz Play Count
-
More By This Creator
Popular Quizzes Today
1
Countries of Asia Without Outlines Minefield
2
Find the US States - No Outlines Minefield
3
Pick 6: Fruits
4
Alphabetical 'K' Countries by Flag Minefield
5
The Countries of the World
6
Find the US States
7
US States
8
Match the Book to the Film X
More History Quizzes
Over 100 Years Old
Quiz Lab
Trending Quizzes
Pick 6: Mountains
Pick 6: Harry Potter
Pick 6: NFL Teams
Pick 6: Movie Franchises
Pick 6: Golfers
Recently Updated
NWSL Teams
pecheneg
Women's Final Four Teams by Year
bhenderson79
Presidents Quartet II
eogle
Anything But Clue(do)
eogle
Anything But Oceanian Capitals
eogle
Anything But 7
eogle
Anything But Thing
eogle
Word Ladder: February 29
pecheneg
Song Title Questions
pecheneg
Women's NCAA Tournament #1 Seeds
pecheneg
Trending Topics
Kpop
Disney
Anime
NBA
Marvel
Crossword
Harry Potter
The Office
Pokémon
Soccer
Song
Puzzle
WWE
NFL
Country
Your Account Isn't Verified!
In order to create a playlist on Sporcle, you need to verify the email address you used during registration. Go to your
Sporcle Settings
to finish the process.
Report this User
Report this user for behavior that violates our
Community Guidelines
.
Details:
Send Report
Go to the Sporcle.com Mobile Site →
Comments